|
|
|
|
| LEADER |
00000nam a22000007a 4500 |
| 003 |
cru CIDCACS/IIS |
| 005 |
20230914164055.0 |
| 008 |
230914b2016 AG ||||| |||| 00| 0 spa d |
| 020 |
|
|
|a 978-950-12-9422-4
|
| 040 |
|
|
|c cru CIDCACS/IIS
|
| 090 |
|
|
|a 03.03.05 F632e
|
| 100 |
1 |
|
|9 11724
|a Florencia, Luci
|
| 245 |
1 |
3 |
|a La era de los managers:
|b Hacer carrera en las grandes empresas del país/
|c Luci Florencia
|
| 260 |
|
|
|a Buenos Aires, Argentinca
|b Paidos
|c 2016
|
| 300 |
|
|
|a 280 páginas
|
| 650 |
0 |
7 |
|0 TESAUROS
|
| 942 |
|
|
|2 z
|c LI
|h <script>document.querySelector('[id^="tag_090_subfield_a"]').value</script>
|6 SCRIPTDOCUMENTQUERYSELECTORIDTAG_090_SUBFIELD_AVALUESCRIPT
|
| 999 |
|
|
|c 45267
|d 45267
|